000
00336 a2200145 4500
020
_a
3-937718-11-7
040
_a
ISPLB
082
_a
72
_b
72
100
_9
1176
_a
DAAB
245
_a
New Loftspace Design
260
_a
Spain,
_b
editorial Project by loft Publications
_c
2006.
300
_a
189p
650
_a
Arquitectura
942
_c
Livros
999
_c
2348
_d
2348